Normal view
MARC view
- MEXICO.
Entry Nombre Corporativo
001 - NÚMERO DE CONTROL
- campo de control: 9904
003 - IDENTIFICADOR DE NUMERO DE CONTROL
- campo de control: UPN
005 - FECHA Y HORA DE LA ÜLTIMA TRANSACCIÓN
- campo de control: 20210219193740.0
008 - DATOS DE LONGITUD FIJA
- campo de control de longitud fija: nabaccnnaabn|||||||||| b |nc|||||d
035 ## - NÚMERO DE CONTROL
- Número de control: UPN10000009911
040 ## - FUENTE DE CATALOGACIÓN
- Lenguaje de catalogación: SPA
- Agencia transcribe: UPN
110 1# - ENCABEZAMIENTO - NOMBRE CORPORATIVO
- Nombre corporativo o de jurisdicción como elemento de entrada : MEXICO.
- Unidad subordinada: COMISION NACIONAL DE LOS LIBROS DE TEXTO GRATUITOS
410 2# - MENCIÓN DE REFERENCIA “VÉASE” – NOMBRE DE ENTIDAD CORPORATIVA
- Corporate name or jurisdiction name as entry element: Comisión Nacional de los Libros de Texto Gratuitos (México)
670 ## - FUENTE EN LA QUE SE LOCALIZARON DATOS
- Cita de la fuente : T/P
- Información localizada: Ciencias naturales : sexto grado
902 ## - CATALOGADOR
- Catalogador: MMA/101108
